000 00707nam a2200289Ia 4500
005 20260324124205.0
008 008 260324s9999 xx 000 0 eng d
020 _a9781315632810
037 _aEBOOK
040 _aCRL
040 _beng
040 _cCRL
041 _2eng
041 _aeng
084 _qCRL
100 _aRichard Flacks; Rob Rosenthal
_91173192
245 0 _aPlaying for Change
245 0 _bMusic and Musicians in the Service of Social Movements
260 _bTaylor and Francis
260 _c2011
365 _a
365 _b300
856 _uhttp://www.taylorfrancis.com/books/9781315632810
942 _cEBOOK
999 _c1767374
_d1767374